Представление документа в формате RUSMARC

ПолеНазваниеЗначение
  Тип записи a
  Библиографический уровень a
001 Контрольный номер RU/CBS_UL/BASE/569338709
005 Дата корректировки 20240209175220.3
100 Данные общей обработки __
a Данные общей обработки 20180115d2018 ||| 0rusy0189 ca
101 Язык документа 0_
a Язык текста rus
102 Страна публикации __
a Страна публикации RU
105 Кодированные данные (монография) __
a Кодированные данные (монография) y###||||000|y
200 Заглавие и сведения об ответственности 1_
a Заглавие В Италию на стажировку
b Общее обозначение материала Текст
e Сведения, относящиеся к заглавию [достопримечательности Рима, Флоренции, Милана и других городов]
f Первые сведения об ответственности Л. Стасенко
300 Общие примечания __
a Общие примечания Ограничения по возрасту - 12+
461 Уровень набора _0
1 2000
a Лазурь
463 Уровень физической единицы _0
1 001RU/CBS_UL/BASE/566487840
1 2000
a № 12
v С. 10-13
1 210
d 2017
606 Тематические рубрики 0_
a Основная рубрика Италия - Достопримечательности
y Географическая подрубрика Италия
606 Тематические рубрики 0_
y Географическая подрубрика Рим, город (Италия)
606 Тематические рубрики 0_
y Географическая подрубрика Флоренция, город (Италия)
610 Ключевые слова 0_
a Ключевые слова достопримечательности итальянские
a Ключевые слова мозаика
686 Индексы других классификаций __
a Классификационный индекс 26.89(4Ита)
2 Код системы ББК
700 Автор _1
a Фамилия Стасенко
b Имя (инициалы) Л.
801 Источник записи _0
a Страна RU
b Организация МБУК ЦБС г. Ульяновска
c Дата составления 20180115
g Правила каталогизации RCR
801 Источник записи _1
a Страна RU
b Организация МБУК ЦБС г. Ульяновска
c Дата составления 20180115
g Правила каталогизации RCR
901 Тип документа __
t Тип документа b
w Контрольный № источника RU/CBS_UL/BASE/566487840
910 Корректоры записи __
a Корректор записи Библиотека 28
938 Служебная информация __
a Имя БД period